00829cam a2200205 a 450000100100000000500170001000800410002704000250006804100080009308200150010124501040011626000570022030000190027750000450029665000640034165000620040565000610046765100470052865100480057500001832920200929165446.0760831s1978 ch 000 0 eng d aDO-SdBNPbspacBNPHU17aeng a951bM986c04aThe muse of China :ba collection of prose and short stories by contemporary chinese women writers. aTaipei :bChinese Women Writers' Association,c1978. av. : ;c21 cm. aLa biblioteca sólo posee el volumen 2. 4aLiteratura en prosa chinaySIGLO XXxTraducciones al ingles 4aLiteratura en prosa chinazTaiwanxTraducciones al ingles 4aLiteratura chinaxAutoras chinasxTraducciones al ingles 4aChinaxVida Social Y CostumbresvFICCIÓN 4aTaiwanxVida Social Y CostumbresvFICCIÓN